00880nam a22002177a 450000500170000001000150001702000260003203500140005803700090007208200150008110000320009624501230012825000060025126000490025727001090030630000310041570000250044694200290047199900190050095201430051920240614143951.0 aENG-140617 c880.00a9789353068974 aEN-124149 bDBAD a371.10225 aOrmrod, Jeanne Ellis967534 aEssential of Educational Psychology:bBig Ideas to Guide Effective Teaching/cBy Jeanne Ellis Ormrod [and] Brett Jones a5 aNoidabPearson India Education Pvt Ltdc2024 a1st Floor, Berger Tower, Plot No. C-001/2, Sector 16BbNoidae201301mcompanysecretary.india@pearson.com axxiv,vp.c25cm(pbk)bIndex aJones, Brett 967535 2ddccENh371.102mORMe5 c203613d203613 001040708NFICaLbLd2024-06-14eDBADg880.00l1m2o371.102 ORMpEN-124149r2024-12-05 00:00:00s2024-10-17t1v880.00w2024-06-14yEN